[Event "Wch U08 Girls"]
[Site "Porto Carras"]
[Date "2015.10.28"]
[Round "4"]
[White "Savitha Shri, B."]
[Black "Enc, Nilsu"]
[Result "1-0"]
[WhiteElo "1294"]
[BlackElo "1131"]
[PlyCount "53"]
[EventDate "2015.10.25"]
[EventType "swiss"]
[EventRounds "11"]
[EventCountry "GRE"]
[SourceTitle "CBM 169 Extra"]
[Source "ChessBase"]
[SourceDate "2015.12.18"]
[SourceVersion "1"]
[SourceVersionDate "2015.12.18"]
[SourceQuality "1"]

1. e4 e5 2. Nf3 Nc6 3. Bb5 d6 4. 0-0 Nf6 5. Re1 Be7 6. c3 0-0 7. h3 Bd7 8. d4 exd4 9. cxd4 a6 10. Ba4 b5 11. Bb3 Na5 12. Bc2 h6 13. Bf4 Re8 14. Qd3 Bc8 15. e5 dxe5 16. Bxe5 g6 17. Qd2 Nc4 18. Qxh6 Nxe5 19. Nxe5 Bf8 20. Qg5 Nd5 21. Qxd8 Rxd8 22. Nc3 Nb4 23. Be4 Rb8 24. a3 Rxd4 25. axb4 Bb7 26. Bxb7 Rxb7 27. Rxa6 1-0

[Event "Wch U08 Girls"]
[Site "Porto Carras"]
[Date "2015.10.27"]
[Round "3"]
[White "Gagua, Nani"]
[Black "Enc, Nilsu"]
[Result "0-1"]
[WhiteElo "1358"]
[BlackElo "1131"]
[PlyCount "66"]
[EventDate "2015.10.25"]
[EventType "swiss"]
[EventRounds "11"]
[EventCountry "GRE"]
[SourceTitle "CBM 169 Extra"]
[Source "ChessBase"]
[SourceDate "2015.12.18"]
[SourceVersion "1"]
[SourceVersionDate "2015.12.18"]
[SourceQuality "1"]

1. e4 e5 2. Nf3 Nc6 3. d4 exd4 4. Bc4 d6 5. Nxd4 Nf6 6. Nc3 Be7 7. 0-0 0-0 8. Nxc6 bxc6 9. Bf4 Nd7 10. Qf3 Ne5 11. Bxe5 dxe5 12. Rad1 Bd7 13. Qg3 Bd6 14. a3 Qf6 15. b4 Qf4 16. Qd3 Rad8 17. Ne2 Qg5 18. Ng3 Bg4 19. f3 Bc5+ 20. Kh1 Rxd3 21. Rxd3 Be6 22. Bxe6 fxe6 23. bxc5 Rd8 24. Rxd8+ Qxd8 25. h3 Qd2 26. Rb1 Qxc2 27. Rb7 Qxc5 28. Rxc7 Qc1+ 29. Kh2 Qf4 30. Rxa7 h5 31. Rc7 h4 32. Kh1 hxg3 33. Rxc6 Qd2 0-1